| 000 | 01792nam a2200457 i 4500 | ||
|---|---|---|---|
| 001 | DIGFCE1263 | ||
| 003 | NyNyDIG | ||
| 008 | 210217s2017 mx a ob 000 0 spa d | ||
| 006 | m o d | ||
| 007 | cr ||||||||||| | ||
| 035 | _a(OCoLC)1237797494 | ||
| 040 |
_aDGITA _beng _erda _epn _cDGITA |
||
| 020 |
_a9786071654090 _qeBook _qpdf |
||
| 020 | _z9786071653321 | ||
| 043 | _an-mx--- | ||
| 050 | 1 | 4 | _aHG2714 ebook |
| 100 | 1 |
_aRubio Márquez, Vanessa, _eauthor. |
|
| 245 | 1 | 0 |
_aReforma financiera / _cVanessa Rubio Márquez. |
| 250 | _aPrimera edición electrónica. | ||
| 264 | 1 |
_aCiudad de México : _bFondo de Cultura Económica, _c2017. |
|
| 300 |
_a1 online resource : _billustrations. |
||
| 336 |
_atext _btxt _2rdacontent |
||
| 337 |
_acomputer _bc _2rdamedia |
||
| 338 |
_aonline resource _bcr _2rdacarrier |
||
| 347 |
_atext file _2rdaft |
||
| 347 | _bPDF | ||
| 490 | 1 | _aAdministración pública. Serie reformas estructurales | |
| 504 | _aIncludes bibliographical references. | ||
| 588 | 0 | _aOnline resource; title from PDF title page (Digitalia, viewed February 17, 2021) | |
| 650 | 0 |
_aFinancial institutions _xLaw and legislation _zMexico. |
|
| 650 | 0 |
_aBanking law _zMexico. |
|
| 651 | 0 |
_aMexico _xPolitics and government _xReform. |
|
| 655 | 0 | _aElectronic books. | |
| 791 | 2 |
_aDigitalia (Firm), _edistributor. |
|
| 793 | 0 |
_gDigitalia eBook Collection: _aFondo de Cultura Económica |
|
| 776 | 0 | 8 |
_iPrint version: _aRubio Márquez, Vanessa. _tReforma financiera. _bPrimera edición. _dMéxico : Fondo de Cultura Económica, 2017 _z9786071653321 _w(OCoLC)1061147729 |
| 830 | 0 |
_aAdministración pública. _pSerie Reformas. |
|
| 856 | 4 | 0 |
_3Digitalia Hispánica _uhttps://www.digitaliapublishing.com/a/64992/ |
| 910 | _aPremium collection: 2021 | ||
| 942 | _cRAA | ||
| 999 |
_c260507 _d260507 |
||